000 01463cam a22003857a 4500
001 110679
005 20230410123943.0
008 031111s2003 ag 000 0 spa
035 _a13405337
010 _a 2003507729
020 _a9875451215
035 _a(AgBaFGC)0939170020
040 _aDLC
_cDLC
050 1 4 _aLB 1033.5
_bQ8a 2003
082 0 0 _a370.1
100 1 _aQuiroz, María Teresa.
245 1 0 _aAprendizaje y comunicación en el siglo XXI /
_cMaría Teresa Quiroz.
250 _a1. ed.
260 _aBuenos Aires :
_bGrupo Editorial Norma,
_c2003.
300 _a129 p. ;
_c18 cm.
440 0 _aEnciclopedia latinoamericana de sociocultura y comunicación ;
_v25
504 _aIncluye bibliografía.
505 _aSociedad y comunicación, p.19 -- Comunicación y educación, p.49 -- Educación, cultura y medios de comunicación, p.57 -- Hacia una educación intercultural y democrática, p.67 -- Una investigación en marcha, p.83 --
650 0 _aCommunication in education.
650 0 _aCommunication.
650 0 _aApprenticeship programs.
650 0 _aMass media and education.
650 4 _aMedios de comunicación de masas y adolescentes
_ySiglo XXI.
650 4 _aMedios de comunicación de masas
_ySiglo XXI.
650 4 _aComunicación
_ySiglo XXI.
650 4 _aMedios de comunicación de masas y cultura.
923 _d20031002
_n37459
_sAgBaFGC
942 _2lcc
_cbk
985 _eVENDOR LOAD
999 _c68696
_d68696